El pensar y el hacer de un equipo de orientación escolar. (Registro nro. 32525)
[ vista simple ]
| 000 -CABECERA | |
|---|---|
| campo fijo de control de longitud | 01578nab a2200277 4500 |
| 003 - IDENTIFICADOR DEL NÚMERO DE CONTROL | |
| campo de control | AR-RoBPED |
| 005 - FECHA Y HORADE LA ULTIMA TRANSACCION | |
| campo de control | 20260408101428.0 |
| 008 - ELEMENTOS DE LONGITUD FIJA--INFORMACION GENERAL | |
| campo fijo de control de longitud | 260408b |||||||| |||| 00| 0 spa d |
| 040 ## - FUENTE CATALOGADORA | |
| Centro catalogador/agencia de origen | AR-RoBPED |
| 041 ## - IDIOMA | |
| Código de idioma para texto/pista de sonido o título independiente | spa |
| 100 1# - ENCABEZAMIENTO PRINCIPAL--AUTOR PERSONAL | |
| Nombre de persona | Calvo, Aldana G. |
| 9 (RLIN) | 30728 |
| Función | Licenciada y profesora en Psicología |
| 245 13 - TITULO | |
| Título | El pensar y el hacer de un equipo de orientación escolar. |
| Subtítulo | Escuela secundaria, trayectorias escolares e intervenciones institucionales / |
| 260 ## - PUBLICACION | |
| Lugar | Buenos Aires : |
| Editor | Noveduc, |
| Fecha | 2025 |
| 300 ## - DESCRIPCION FISICA | |
| Extensión | 45-47 p. |
| 500 ## - NOTA GENERAL | |
| Nota general | Las autoras dan cuenta del trabajo diario del equipo en el Departamento de Orientación Escolar (DOE) que se desarrolla en una escuela pública de la Ciudad de Buenos Aires, la cual ofrece un trayecto educativo de tres años, denominado Ciclo Básico de Formación Ocupacional (CBO) que forma parte de la Nueva Escuela Secundaria y está destinada a la población juvenil egresada del nivel primario, así como también a les jóvenes que han transitado los primeros años del Ciclo Básico, sin haber finalizado. |
| 650 #0 - TERMINO DE MATERIA--CONTROLADO | |
| Término controlado | TRAYECTORIA DEL ALUMNO |
| 9 (RLIN) | 23241 |
| Término controlado | INCLUSION EDUCATIVA |
| 9 (RLIN) | 19761 |
| Término controlado | NIVEL MEDIO |
| 9 (RLIN) | 3552 |
| Término controlado | ORIENTACION EDUCATIVA |
| 9 (RLIN) | 18744 |
| Término controlado | PEDAGOGIA |
| 9 (RLIN) | 256 |
| Término controlado | ALUMNOS |
| 9 (RLIN) | 762 |
| 700 1# - ENCABEZAMIENTO SECUNDARIO--AUTOR PERSONAL | |
| Nombre de persona | Sale, Gloria A. |
| 9 (RLIN) | 26513 |
| Función | Licenciada y profesora en Ciencias de la Educación |
| 773 0# - DOCUMENTO FUENTE | |
| Host Biblionumber | 20414 |
| Host Itemnumber | 41867 |
| Place, publisher, and date of publication | Buenos Aires : Noveduc, 1993- |
| Título | Novedades Educativas |
| Record control number | (AR-RoBPED)20414 |
| International Standard Serial Number | 03283534 |
| 942 ## - ELEMENTOS KOHA | |
| Fuente de clasificación | Universal Decimal Classification |
| Koha tipo de ítem | Revistas |
| Clasificación | 37(05) |
| Signatura librística | Nov 86 N° 400 (Febr.2025) |
| Número Koha | k.32525 |
| 945 ## - PROCESAMIENTO DE LA INFORMACIÓN LOCAL | |
| Catalogador y fecha | mar 04/2026 |
No hay ítems disponibles.